000 00673nam a2200229Ia 4500
003 OSt
005 20220925220001.0
006 a|||||r|||| 00| 0
007 ta
008 220923b |||||||| |||| 00| 0 eng d
037 _cGeneral Book
040 _aRTL
_cRTL
_beng
041 _2eng
_aeng
082 _aX:3M24xM18:g, L5
100 _aHofeman John
_9283939
245 0 _aMarxism and the theory of praxis
_b A critique of s
260 _aLondon
_bLawrence and Wishart
_c1975
300 _a239p
_ccm.
650 _aEconomiocs Classes Karl Marx
_9235810
942 _hX:3M24xM18:g, L5
_cGB
_2CC
999 _c570240
_d570240